Brothers in arms (Бичлэгийн дугаар. 145444)
| 000 -УДИРДЛАГА | |
|---|---|
| Удирдлага | 00999nam a22003497a 4500 |
| 003 - ХЯНАЛТЫН ТОО ТОДОРХОЙЛОГЧ | |
| Код | MN-UlNUM |
| 005 - БИЧИЛТ ХИЙСЭН ОГНОО | |
| Тухайн бичилтийг бичсэн засварласан сүүлийн огноо | 20251110111113.0 |
| 008 - ЕРӨНХИЙ МЭДЭЭЛЭЛ | |
| Ерөнхий мэдээлэл | 251110s2004 nyuab||| |||| 001 0 eng d |
| 020 ## - ISBN | |
| ISBN | 0385503385 |
| 040 ## - БИЧЛЭГ ҮҮСГЭГЧ БАЙГУУЛЛАГА | |
| Бичлэг үүсгэгч номын сангийн код | МУИС-ийн номын сан |
| 084 ## - ББК АНГИЛАЛ | |
| Нэмэлт тусгалт | Нэг сэдэвт бүтээл |
| ББК ангилал | 63.3(4) |
| Зохиогчийн гурван тэмдэгт | A 12 |
| Мэдлэгийн ялгаа | 63 - Түүх |
| 100 1# - ЗОХИОГЧ | |
| Зохиогчийн нэр | Abdul-Jabbar, Kareem, |
| Зохиогчийн огноо | 1947- |
| 245 10 - ҮНДСЭН ГАРЧИГ | |
| Номын нэр | Brothers in arms |
| Бага гарчгийн мэдээ | the epic story of the 761st Tank Battalion, WWII's forgotten heroes |
| Оролцогчдын тухай мэдээ | Kareem Abdul-Jabbar and Anthony Walton. |
| 250 ## - ДАХИН ХЭВЛЭЛТ | |
| Дахин гаралтын дугаар | 1st ed. |
| 260 ## - ГАРАЛТЫН МЭДЭЭ | |
| Хэвлэгдсэн газар | New York |
| Хэвлэлийн газар | Broadway Books |
| Хэвлэгдсэн он | 2004. |
| 300 ## - МАТЕРИАЛЫН ТОДОРХОЙЛОЛТ | |
| хуудасны тоо | xv, 302 p. : |
| Бусад тоон мэдээлэл | ill. ; |
| Хэмжээ | 25 cm. |
| 500 ## - Тайлбар | |
| Дансны дугаар | БС 2024 |
| 546 ## - ХЭЛНИЙ ТУХАЙ МЭДЭЭ | |
| Хэл | Англи хэл дээр, |
| 653 ## - Түлхүүр үг | |
| Түлхүүр үг | World War, 1939-1945 |
| 653 ## - Түлхүүр үг | |
| Түлхүүр үг | Regimental histories |
| 653 ## - Түлхүүр үг | |
| Түлхүүр үг | United States. |
| 653 ## - Түлхүүр үг | |
| Түлхүүр үг | Soldiers |
| 653 ## - Түлхүүр үг | |
| Түлхүүр үг | African American soldiers |
| 700 1# - ХАМ ЗОХИОГЧИД | |
| Ба бус | Walton, Anthony, |
| Dates associated with a name | 1960- |
| 740 ## - НОМЫН ГАРЧИГ | |
| Гарчиг | Volunteers |
| 740 ## - НОМЫН ГАРЧИГ | |
| Гарчиг | Soldiers |
| 740 ## - НОМЫН ГАРЧИГ | |
| Гарчиг | E.T.O. |
| 740 ## - НОМЫН ГАРЧИГ | |
| Гарчиг | Blood Brothers |
| 740 ## - НОМЫН ГАРЧИГ | |
| Гарчиг | Field of fire |
| 942 ## - ЭЛЕМЕНТИЙН ТӨРӨЛ | |
| Зүйлийн төрөл | Ном |
